Busineass ethies : Ethies decision making and eases
| Main Author: | |
|---|---|
| Other Authors: | , |
| Format: | Book |
| Published: |
Boston :
Houghton miffin company ,
2005
|
| Edition: | 6th ed |
| Subjects: |
MARC
| LEADER | 00000cam a2200000 7i4500 | ||
|---|---|---|---|
| 001 | 0000015791 | ||
| 005 | 20050920.0 | ||
| 020 | |a 0618395733 | ||
| 040 | |a INS | ||
| 090 | 0 | 0 | |a HF5387 |b F45 2005 |
| 100 | 0 | |a Ferrell, O.C | |
| 245 | 1 | 0 | |a Busineass ethies : |b Ethies decision making and eases |c O.C Ferell |
| 250 | |a 6th ed | ||
| 260 | |a Boston : |b Houghton miffin company , |c 2005 | ||
| 300 | |a xxiii : |b 461p ; |c 23cm. | ||
| 650 | 0 | 0 | |a Business ethics |x Case studies |
| 700 | 0 | |a Ferrell, Linda | |
| 700 | 0 | |a Freadrich, John | |
| 999 | |a 0000015787 |b BOOK |c Open Shelf |e Default branch | ||